Statistics for Biggest City in Each US State by Letter - A

Click here to take the quiz!

General Stats

  • This quiz has been taken 154 times
    (124 since last reset)
  • The average score is 20 of 48

Answer Stats

StatePopulationAnswer% Correct
Texas961,855Austin
99%
Georgia498,715Atlanta
96%
New Mexico564,559Albuquerque
95%
Alaska291,247Anchorage
92%
Colorado386,261Aurora
85%
Illinois180,542Aurora
85%
Oregon56,472Albany
82%
New York99,224Albany
82%
Ohio190,469Akron
79%
California346,824Anaheim
79%
Michigan123,851Ann Arbor
79%
Pennsylvania125,845Allentown
75%
Maryland40,812Annapolis
74%
Louisiana46,180Alexandria
69%
Virginia159,467Alexandria
69%
Vermont2,457Arlington
66%
Tennessee14,549Arlington
66%
North Carolina94,589Asheville
62%
Maine24,061Auburn
46%
Alabama76,143Auburn
46%
Washington87,256Auburn
46%
Wisconsin75,644Appleton
44%
Indiana54,788Anderson
40%
South Dakota28,495Aberdeen
39%
New Jersey38,497Atlantic City
38%
Iowa67,887Ankeny
28%
Connecticut18,932Avon
28%
Arizona89,334Avondale
27%
Minnesota56,374Apple Valley
25%
Arkansas10,380Arkadelphia
19%
Kentucky21,625Ashland
19%
Florida54,873Apopka
16%
South Carolina32,025Aiken
14%
Oklahoma24,725Ardmore
14%
Nebraska8,151Alliance
13%
Montana9,421Anaconda
13%
Utah33,337American Fork
12%
New Hampshire11,753Amherst
12%
Kansas10,885Atchison
12%
Massachusetts46,461Attleboro
11%
Wyoming2,172Afton
8%
Missouri20,858Arnold
8%
Idaho17,694Ammon
7%
Hawaii10,408Aiea
6%
North Dakota613Ashley
6%
Mississippi6,666Amory
4%
West Virginia1,303Ansted
4%
Delaware430Arden
4%

Score Distribution

Percentile by Number Answered

Percent of People with Each Score

Your Score History

You have not taken this quiz since the last reset